000 00477cam a22002051 4500
001 sa 66006958
003 DLC
005 20260227112300.0
008 890822s1965 ii 000 0 hino
010 _asa 66006958
035 _a(OCoLC)20231568
040 _aDLC
_cWaU
_dDLC
042 _apremarc
050 0 0 _aPK2098.29.I77
_bH5
100 1 _aMisra, Shiv Kumar.
245 1 0 _aHindī nibandha.
260 _c1965.
300 _a3, 380 p.
_c22 cm.
500 _aIn Hindi.
999 _c70829
_d70829